000 01421cam a22003377a 4500
003 CHAP
005 20220329141330.0
008 971013s1988 r 00010 d
010 _a66521
011 _a67493
035 _a76963
040 _cCHAP
082 _a036
_bE59
245 0 _aEnciclopedia autodidáctica Océano
260 _aBarcelona :
_bOcéano,
_c1988
300 _a8 v.
_b: ilus.
505 _aContenido: v.1-2 Lengua y humanidades v. 3-4 Ciencia y tecnología v. 5-6: Ciencias experimentales, naturales y aplicadas v. 7-8 Ciencias sociales y deportes
590 _aBATCH-UPD
_b10
_c20130110
_lUCH01
_h1850
590 _aCONVERSION
_b10
_c20130109
_lUCH01
_h1337
650 1 4 _aEnciclopedias y diccionarios.
_936750
901 _aBK
942 _cLIBRO
949 _a036 E59
_bBC
_cC
_d33724000426615
_eC
_fv.1
_gI.145828
_h75244
_i76963
_si
_t1200.00
949 _a036 E59
_bBC
_cC
_d33724000426664
_eC
_fv.4
_h75247
_i76963
_si
_t1200.00
949 _a036 E59
_bBC
_cC
_d33724000426680
_eC
_fv.5
_h75248
_i76963
_si
_t1200.00
949 _a036 E59
_bBC
_cC
_d33724000426813
_eC
_fv.7
_h75250
_i76963
_si
_t1200.00
949 _a036 E59
_bBC
_cC
_d33724000885059
_eC
_fv.6
_h75249
_i76963
_si
_t1200.00
949 _a036 E59
_bBC
_cC
_d33724000919577
_eC
_fv.3
_h75246
_i76963
_si
_t1200.00
949 _a036 E59
_bBC
_cC
_d33724000919700
_eC
_fv.2
_h75245
_i76963
_si
_t1200.00
949 _a036 E59
_bBC
_cMUT
_d-94956
_eMUT
_fv.8
_h75251
_i76963
_si
_t1200.00
999 _c66521
_d66521